000 00472nam a2200157Ia 4500
008 260514s2024 xx 000 0 und d
041 _aeng
082 _a615.7/SIN
_bM-3471
100 _aDR. DILPREET SINGH
245 _aPRACTICAL HANDBOOK OF BIOPHARMACEUTICS &PHARMACOKINETICS
260 _aPUNE
_bS.VIKAS AND COMPANY
_c2024
300 _aP.B/38
650 _aPHARMACEUTICS
650 _aPRACTICAL BIOPHARMACEUTICS &PHARMACOKINETICS
700 _aMS. SIMRANJEET KAUR
999 _c1221326
_d1221326